| 000 | 00511nam a2200121Ia 4500 | ||
|---|---|---|---|
| 008 | 170221s9999 xx 000 0 und d | ||
| 100 | _aEdmondson, Diane R. | ||
| 245 | 2 | _aA model of relevant antecedents and outcome variables for cause-related marketing | |
| 245 | _cDiane R. Edmondson, Middle Tennessee State University; Barbara A. Lafferty, University of South Florida. | ||
| 260 | _bJournal of Management and Marketing Research | ||
| 650 | _xBusiness | ||
| 856 | _uhttp://www.aabri.com/manuscripts/131549.pdf | ||
| 999 |
_c307372 _d307372 |
||